000 00529na a2200193 4500
001 20494
003 MIRAKIL
005 20181213155101.0
008 170123b tu 000 0
040 _aMilas
_btur
_cTR-AnCHP
041 _atur
082 _aCHP 350.7
_bB97 1933
090 _aCHP 350.7 B97 1933
245 _aBütçe
_b1933
_cT.C. Maliye Vekaleti
260 _a[Ankara]
_bT.C. Maliye Vekaleti
_c1933
_fDamga matbaası
300 _a572 s.
_c22 sm.
650 _aCHP
_xHükümetler
_yBütçe, 1933
942 _2ddc
_cBKS
999 _c6240
_d6240